000 00589cam6a220021700 4500
001 zam00003159
008 951128s1973 xx eng u
035 _a(Sirsi) r20493
035 _a(MACHINE)SLC.
100 _aGiven, I. A.
_6A81874.1
245 1 0 _aSME mining engineering handbook.
260 _c1973.
949 _aTN151
_wlcc
_mMAIN
_tBOOK
_lON-SHELF
004 20493
591 _aClass code: GG 310.
591 _aCourse: Mineralogy and petrography.
591 _aSchool: S08.
591 _aLecturer: Dr. AHMED, A.
591 _aNumber of Students: 8.
909 _aBook
999 _c170786
_d170786